000 00540nam a2200181 4500
001 110967
003 ES-MaACL
005 20230906185219.0
007 t|
008 061121s1973 sp r ||||1| spa d
100 1 _aOgg, David.
_986569
245 1 3 _aLa Europa del antiguo régimen
_b: 1715-1783 /
_cDavid Ogg; traducción de Carlos Manzano.
250 _a1ª. ed.
260 _aMadrid :
_bSiglo XXI,
_c1973.
300 _aVII, 393 p. ;
_c18 cm +
_e4 map.
700 1 _aManzano, Carlos.
_976216
852 _aES-MaACL
_jC-56202
_bR.88883
999 _c110967
_d110967